| 000 | 00999nam a22002417a 4500 | ||
|---|---|---|---|
| 001 | 81371 | ||
| 003 | BD-RjUL | ||
| 005 | 20240108113332.0 | ||
| 008 | 230510s2019 bg a|||| m||| 00| 0 eng d | ||
| 035 | _a(BD-RjUL)81371 | ||
| 040 |
_aBD-RjUL _beng _cBD-RjUL _dBD-RjUL |
||
| 041 | _aeng | ||
| 082 |
_223 _a669.75095492 _bRAE 2019 |
||
| 100 | _aRahman, Md. Atiqur | ||
| 245 | 1 | 0 |
_aExploring the association of arsenic exposure with eosinophil chemoattractant protein (Eotaxin) through a cross sectional study in Bangladesh / _cResearcher Md. Atiqur Rahman ; _6Supervisor : Md. Khaled Hossain. |
| 260 |
_aRajshahi : _bInstitute of Environmental Science, University of Rajshahi, _c2019. |
||
| 300 |
_aix, 140 leaves : _bill, ; _c29. cm. |
||
| 502 | _aThesis (Ph. D.) -- Institute of Environmental Science, University of Rajshahi, | ||
| 504 | _aReferences : Leaves 85 - 138 | ||
| 650 |
_aArsenic _vMetallurgy _zBangladesh _97395 |
||
| 700 |
_aHossain, Md. Khaled, Supervisor _91512 |
||
| 942 |
_2ddc _cTHE |
||
| 999 |
_c81371 _d81371 |
||